| 000 | 00848pam a2200241 a 4500 | ||
|---|---|---|---|
| 001 | 3925377 | ||
| 005 | 20180301050525.0 | ||
| 008 | 921216s1993 enkab 000 0 eng | ||
| 010 | _a 92046240 | ||
| 020 | _a0521421187 (pbk.) | ||
| 020 | _a0521421179 (cassette set) | ||
| 040 |
_aDLC _cDLC _dDLC |
||
| 041 | _aeng | ||
| 043 | _an-us--- | ||
| 080 | _a428.34 gil | ||
| 082 | 0 | 0 |
_a428.34 gil _220 |
| 100 | 1 | _a25 | |
| 101 | _aedu | ||
| 245 | 1 | 0 |
_aClear speech : _cJudy B. Gilbert. |
| 906 |
_a7 _bcbc _corignew _d1 _eocip _f19 _gy-gencatlg |
||
| 942 |
_2ddc _cBK |
||
| 999 |
_c43810 _d43810 |
||